Rapport D'Activités 1994-1995
Сохранить в:
| Формат: | |
|---|---|
| Язык: | Undetermined |
| Опубликовано: |
Paris
Faculté des Science de L'Agriculture et de L'Alimentation Département de Phytologie
1994
|
| Предметы: | |
| Метки: |
Добавить метку
Нет меток, Требуется 1-ая метка записи!
|
| Thư viện lưu trữ: | Trung tâm Học liệu Trường Đại học Cần Thơ |
|---|
| LEADER | 00502nam a2200157Ia 4500 | ||
|---|---|---|---|
| 001 | CTU_28095 | ||
| 008 | 210402s9999 xx 000 0 und d | ||
| 082 | |a 580.072 | ||
| 082 | |b D419 | ||
| 245 | 0 | |a Rapport D'Activités 1994-1995 | |
| 260 | |a Paris | ||
| 260 | |b Faculté des Science de L'Agriculture et de L'Alimentation Département de Phytologie | ||
| 260 | |c 1994 | ||
| 650 | |a activity programs in education | ||
| 904 | |i Sáng, 981007 | ||
| 980 | |a Trung tâm Học liệu Trường Đại học Cần Thơ | ||